Cities of Black Hawk County, Iowa - Statistics

General Stats
  • This quiz has been taken 14 times
  • The average score is 7 of 11
Answer Stats
Cities % Correct
2 Cedar Falls
100%
1 Waterloo
100%
3 Evansdale
67%
4 Hudson
67%
8 Janesville
67%
6 La Porte City
67%
9 Dunkerton
50%
5 Jesup
50%
7 Elk Run Heights
33%
10 Gilbertville
33%
11 Raymond
33%
No matching quizzes found
Score Distribution
Percent of People with Each Score
Percentile by Number Answered
Your Score History
You have not taken this quiz